| 000 | 00402nam a22001697a 4500 | ||
|---|---|---|---|
| 999 |
_c7458 _d7458 |
||
| 003 | OSt | ||
| 005 | 20211112115457.0 | ||
| 008 | 211112b ||||| |||| 00| 0 eng d | ||
| 020 | _a0415417678 | ||
| 040 | _cDDC | ||
| 082 | _a307.76 URB 2007 | ||
| 245 | _aUrban sociology | ||
| 260 |
_aLondon: _b Routledge; _c2007, |
||
| 300 |
_a223P.; _c23cm |
||
| 650 |
_aSociology, Urban. _915281 |
||
| 942 |
_2ddc _cBOOK |
||